[Event "Polanica Zdroj op-B 58th"]
[Site "Polanica Zdroj"]
[Date "2022.08.17"]
[Round "5"]
[White "Turek, Michal"]
[Black "Penza, Denis"]
[Result "1/2-1/2"]
[WhiteElo "1681"]
[BlackElo "1836"]
[PlyCount "141"]
[EventDate "2022.08.13"]
[EventType "swiss"]
[EventRounds "9"]
[EventCountry "POL"]
[SourceTitle "CBM 210 Extra"]
[Source "ChessBase"]
[SourceDate "2022.11.30"]
[SourceVersion "1"]
[SourceVersionDate "2022.11.30"]
[SourceQuality "1"]

1. e4 e6 2. d4 d5 3. Nc3 Bb4 4. Nge2 dxe4 5. a3 Bxc3+ 6. Nxc3 Nc6 7. d5 Nce7 8. dxe6 Qxd1+ 9. Kxd1 Bxe6 10. Nxe4 0-0-0+ 11. Ke1 h6 12. Bd3 Nc6 13. f4 Nge7 14. Kf2 Rhe8 15. Re1 Kb8 16. b4 Nc8 17. Bb2 f6 18. Ng3 Nd6 19. Nh5 Rd7 20. f5 Bg8 21. Rxe8+ Nxe8 22. Re1 Re7 23. Rxe7 Nxe7 24. g4 Nd5 25. c4 Nb6 26. c5 Nd5 27. Kf3 c6 28. Bc4 Kc8 29. Ng3 Kd7 30. Ne4 Ne7 31. Bxg8 Nxg8 32. h4 Ne7 33. Ng3 Nd5 34. Ke4 a6 35. Nh5 Ke7 36. Bc1 Kf7 37. g5 hxg5 38. hxg5 fxg5 39. Bxg5 g6 40. Ng3 gxf5+ 41. Nxf5 Ke6 42. Nd4+ Kd7 43. Kd3 Nec7 44. Kc4 Ne6 45. Nxe6 Kxe6 46. a4 Kf5 47. Bd2 Ke4 48. b5 axb5+ 49. axb5 Nc7 50. bxc6 bxc6 51. Bc1 Na6 52. Bd2 Nb8 53. Bc3 Nd7 54. Bb2 Ne5+ 55. Bxe5 Kxe5 56. Kc3 Kd5 57. Kd3 Kxc5 58. Kc3 Kd5 59. Kd3 c5 60. Kc3 c4 61. Kc2 Kd4 62. Kd2 Kd5 63. Kc2 Kc5 64. Kc3 Kb5 65. Kc2 Kb4 66. Kb2 c3+ 67. Kc1 Kc4 68. Kc2 Kd4 69. Kc1 Kd3 70. Kd1 c2+ 71. Kc1 1/2-1/2

[Event "Polanica Zdroj op-B 58th"]
[Site "Polanica Zdroj"]
[Date "2022.08.14"]
[Round "2"]
[White "Mielczarek, Daniel"]
[Black "Turek, Michal"]
[Result "1/2-1/2"]
[WhiteElo "1912"]
[BlackElo "1681"]
[PlyCount "110"]
[EventDate "2022.08.13"]
[EventType "swiss"]
[EventRounds "9"]
[EventCountry "POL"]
[SourceTitle "CBM 210 Extra"]
[Source "ChessBase"]
[SourceDate "2022.11.30"]
[SourceVersion "1"]
[SourceVersionDate "2022.11.30"]
[SourceQuality "1"]

1. Nf3 d5 2. d4 Nf6 3. Bg5 Ne4 4. Bh4 h5 5. Nfd2 g5 6. Nxe4 gxh4 7. Nec3 h3 8. gxh3 Bf5 9. Nd2 Nc6 10. Nb3 e6 11. a3 Qh4 12. e3 0-0-0 13. Qe2 Rg8 14. 0-0-0 Be7 15. Nd2 Bxh3 16. Bxh3 Qxh3 17. Qf3 Qxf3 18. Nxf3 Rg2 19. Rdf1 h4 20. h3 Bf6 21. Rhg1 Rdg8 22. Rxg2 Rxg2 23. Kd2 Ne7 24. Ke1 Nf5 25. Rg1 Rxg1+ 26. Nxg1 b6 27. Nce2 c5 28. c3 Nd6 29. a4 a6 30. Nf3 Nc4 31. b3 Na5 32. Nc1 Kd7 33. Kd2 c4 34. b4 Nb7 35. Ne5+ Ke7 36. Ne2 Nd6 37. f3 Bg5 38. Ng1 Nf5 39. Ng4 Ng3 40. f4 Bf6 41. Nf3 Nf5 42. Nxf6 Kxf6 43. Ne5 Ke7 44. e4 Nd6 45. exd5 exd5 46. Nc6+ Ke6 47. Nb8 Ne4+ 48. Kc2 a5 49. bxa5 bxa5 50. Nc6 Nf2 51. Kd2 Nxh3 52. Ke3 Kf5 53. Ne7+ Ke6 54. Nc6 Kf5 55. Ne7+ Ke6 1/2-1/2